Дело о приобретении здания для высшего начального училища в городе Фрауэнберге Курляндской губернии

Доступно только в Электронных читальных залах Найти на картеНа карте
RUSMARC
00004040nmc2a22002653x 450
001c217cc20-5687-4dfa-8f45-0f8921d231e9
00520240725190833.0
100##$a20240201l19121912k l0rusy0189 ca
1010#$arus
102##$aRU
105##$aae##
1222#$ad
2001#$aДело о приобретении здания для высшего начального училища в городе Фрауэнберге Курляндской губернии
$j28 января - 27 февраля 1912 г.
215##$a5 л.
$cплан.; черт.
$d36,5х26 см
251##$cДело
300##$aДело
300##$aОриг. заголовок дела: Дело Фрауэнбургского высшего начального училища. 28 января - 27 февраля 1912 г
371##$aДокумент не является опубликованным и широко распространяемым
461#0$1001a74412a3-3cc5-4d21-8f0a-dfe2fbd9e72d
$12001
$aДепартамент народного просвещения Министерства народного просвещения (1803-1917)
$1251
$cФонд
$1852
$j733
462#0$1001cbe97534-fc2c-41b6-aa33-2a5bd997e041
$12001
$aСтроительный комитет: о постройке зданий учебных заведений; проекты, планы и фасады зданий
$1251
$cОпись
$1852
$j224
5171#$aДело Фрауэнбургского высшего начального училища. 28 января - 27 февраля 1912 г
801#0$aRU
$bРГИА
$c20240201
$gRCR
801#1$aRU
$bГлавНИВЦ
$c20240201
$2rusmarc
801#2$aRU
$bПБ им. Б.Н. Ельцина
$c20240725
$gRCR
$2rusmarc
850##$aРГИА
852##$aРГИА
$eФедеральное казенное учреждение "Российский государственный исторический архив" (РГИА)
$j237
937##$hРГИА
$d12395201
$aASBIBLIO_SCAN
035##$aRusGRCC00073945
856##$uhttp://readingroom.main.prlib.ru/item.aspx?id_node=n193171081&mode=full
Формат отображения